<?xml version="1.0" encoding="UTF-8"?>
<record
    xmlns:xsi="http://www.w3.org/2001/XMLSchema-instance"
    xsi:schemaLocation="http://www.loc.gov/MARC21/slim http://www.loc.gov/standards/marcxml/schema/MARC21slim.xsd"
    xmlns="http://www.loc.gov/MARC21/slim">

  <leader>02955cam a22002895a 4500</leader>
  <controlfield tag="001">ssj0000811400</controlfield>
  <controlfield tag="003">OSt</controlfield>
  <controlfield tag="005">20150813152325.0</controlfield>
  <controlfield tag="008">121208s2013    ne a   frb    000 0 eng d</controlfield>
  <datafield tag="020" ind1=" " ind2=" ">
    <subfield code="a">9789400741003 </subfield>
  </datafield>
  <datafield tag="020" ind1=" " ind2=" ">
    <subfield code="a">9400741006 </subfield>
  </datafield>
  <datafield tag="040" ind1=" " ind2=" ">
    <subfield code="a">EG-ScBUE </subfield>
    <subfield code="b">eng</subfield>
    <subfield code="c">EG-ScBUE </subfield>
    <subfield code="d">EG-ScBUE </subfield>
  </datafield>
  <datafield tag="082" ind1="0" ind2="4">
    <subfield code="a">620.118</subfield>
    <subfield code="b">DVO</subfield>
    <subfield code="2">22</subfield>
  </datafield>
  <datafield tag="100" ind1="1" ind2=" ">
    <subfield code="a">Dvorak, George J.,</subfield>
    <subfield code="9">38308</subfield>
    <subfield code="d">1933-</subfield>
  </datafield>
  <datafield tag="245" ind1="1" ind2="0">
    <subfield code="a">Micromechanics of composite materials /</subfield>
    <subfield code="c">George Dvorak.</subfield>
  </datafield>
  <datafield tag="260" ind1=" " ind2=" ">
    <subfield code="a">Dordrecht :</subfield>
    <subfield code="b">Springer Science + Business Media,</subfield>
    <subfield code="c">2013.</subfield>
  </datafield>
  <datafield tag="300" ind1=" " ind2=" ">
    <subfield code="a">xvii, 442 p. :</subfield>
    <subfield code="b">ill. ;</subfield>
    <subfield code="c">24 cm.</subfield>
  </datafield>
  <datafield tag="490" ind1="0" ind2=" ">
    <subfield code="a">Solid Mechanics and Its Applications,</subfield>
    <subfield code="x">0925-0042 ;</subfield>
    <subfield code="v">186</subfield>
  </datafield>
  <datafield tag="500" ind1=" " ind2=" ">
    <subfield code="a">Index : p. 435-442.</subfield>
  </datafield>
  <datafield tag="504" ind1=" " ind2=" ">
    <subfield code="a">Bibliography : p. 409-434.</subfield>
  </datafield>
  <datafield tag="520" ind1=" " ind2=" ">
    <subfield code="a">This book presents a broad exposition of analytical and numerical methods for modeling composite materials, laminates, polycrystals and other heterogeneous solids, with emphasis on connections between material properties and responses on several length scales, ranging from the nano and microscales to the macroscale. Many new results and methods developed by the author are incorporated into a rich fabric of the subject, which has been explored by several researchers over the last 40 years. The first part of the book reviews anisotropic elasticity theory, and then it describes the frequently used procedures and theorems for bounding and estimating overall properties, local fields and energy changes in elastic inhomogeneities, heterogeneous media, fiber composites and functionally graded materials. Those are caused by mechanical loads and by phase eigenstrains, such as thermal, transformation and inelastic strains, and also by cavities and cracks. Worked examples show that the eigendeformations may contribute a major part of the overall response and of interior stress and strain fields in the constituents. Separate attention is given to perfect and imperfect interfaces, and to evaluation of interface stresses induced by mechanical and transformation loads. Micromechanical methods are extended to analysis of symmetric laminates. Applications include design of laminate configurations for pressure vessels, for dimensionally stable and auxetic laminates, for laminates with reduced free edge stresses and with fiber prestress, and for those sustaining damage by transverse cracking and fiber breaks. A review of the incremental theory of plasticity, of the transformation field analysis method, and of modeling and experimental results for metal matrix composites, are extensively described in the closing chapters. This volumeis intended for advanced undergraduate and graduate students, researchers and engineers interested and involved in analysis and design of composite structures.</subfield>
  </datafield>
  <datafield tag="650" ind1=" " ind2="0">
    <subfield code="a">Composite materials</subfield>
    <subfield code="x">Mechanical properties.</subfield>
    <subfield code="2">BUEsh</subfield>
  </datafield>
  <datafield tag="650" ind1=" " ind2="0">
    <subfield code="a">Micromechanics.</subfield>
    <subfield code="2">BUEsh</subfield>
    <subfield code="9">22992</subfield>
  </datafield>
  <datafield tag="651" ind1=" " ind2=" ">
    <subfield code="2">BUEsh</subfield>
  </datafield>
  <datafield tag="653" ind1=" " ind2=" ">
    <subfield code="b">ENGMEC</subfield>
    <subfield code="b">ENGGEN</subfield>
    <subfield code="c">June2015</subfield>
    <subfield code="c">August2015</subfield>
  </datafield>
  <datafield tag="942" ind1=" " ind2=" ">
    <subfield code="2">ddc</subfield>
    <subfield code="k">620.118 DVO</subfield>
  </datafield>
  <datafield tag="999" ind1=" " ind2=" ">
    <subfield code="c">19705</subfield>
    <subfield code="d">19677</subfield>
  </datafield>
  <datafield tag="952" ind1=" " ind2=" ">
    <subfield code="0">0</subfield>
    <subfield code="1">0</subfield>
    <subfield code="2">ddc</subfield>
    <subfield code="4">0</subfield>
    <subfield code="7">0</subfield>
    <subfield code="8">Alahram</subfield>
    <subfield code="a">MAIN</subfield>
    <subfield code="b">MAIN</subfield>
    <subfield code="c">1ST</subfield>
    <subfield code="d">2015-06-16</subfield>
    <subfield code="e">purchase</subfield>
    <subfield code="g">1123.00</subfield>
    <subfield code="h">304</subfield>
    <subfield code="l">0</subfield>
    <subfield code="o">620.118 DVO</subfield>
    <subfield code="p">000038683</subfield>
    <subfield code="r">2025-07-15 00:00:00</subfield>
    <subfield code="v">1403.75</subfield>
    <subfield code="y">BB</subfield>
  </datafield>
</record>
